Eugen Rosenberg. Architektova voľba : dizertačná práca

Gespeichert in:
Bibliographische Detailangaben
1. Verfasser: Kramáriková, Janka, 1979- (Verfasst von)
Format: Buch
Veröffentlicht: Bratislava: FA STU v Bratislave, 2006
Schlagworte:
Tags: Tag hinzufügen
Keine Tags, Fügen Sie das erste Tag hinzu!

MARC

LEADER 00000nam a22000003a 4500
001 stu147261
005 20221109143649.2
008 071022s2006----------------------------d
040 |a STU  |b slo 
100 1 |a Kramáriková, Janka,  |d 1979-  |4 aut  |u A400  |U FAD Fakulta architektúry  |T FAD Ústav dejín a teórie architektúry  |X 41648  |U A400  |Y 134  |7 A000041648 
245 1 |a Eugen Rosenberg. Architektova voľba :  |b dizertačná práca 
260 |a Bratislava:  |b FA STU v Bratislave,  |c 2006 
300 |a 113 s. 
650 7 |a Rosenberg Eugen  |2 stusub 
996 |b 284AB00882  |c A*5604 V  |l AAKNST  |s P  |a 0  |w stu147261_0001